Länder nach persönlicher Freiheit - Statistiken

Allgemein
  • Dieses Quiz wurde 120 mal gespielt
  • Das Durchschnittsergebnis liegt bei 13 aus 15
Antwortstatistiken
Rang Land % Korrekt
8 Deutschland
98%
5 Finnland
96%
2 Norwegen
96%
4 Schweden
96%
3 Schweiz
94%
1 Dänemark
93%
13 Österreich
91%
6 Niederlande
89%
10 Island
85%
14 Kanada
84%
9 Luxemburg
83%
12 Irland
81%
11 Vereinigtes Königreich
78%
7 Neuseeland
63%
15 Singapur
27%
Keine übereinstimmenden Quizze gefunden
Verteilung der Resultate
Anzahl Personen mit jedem Resultat
Perzentil nach korrekt beantworteten Fragen
Ihre Resultats-Entwicklung
Sie haben dieses Quiz noch nicht gespielt